Calculus : (Record no. 955)

MARC details
000 -LEADER
fixed length control field 00970nam a2200301 4500
001 - CONTROL NUMBER
control field 3563105
005 - DATE AND TIME OF LATEST TRANSACTION
control field 20180124105924.0
006 - FIXED-LENGTH DATA ELEMENTS--ADDITIONAL MATERIAL CHARACTERISTICS--GENERAL INFORMATION
fixed length control field 000
007 - PHYSICAL DESCRIPTION FIXED FIELD--GENERAL INFORMATION
fixed length control field 000
008 - FIXED-LENGTH DATA ELEMENTS--GENERAL INFORMATION
fixed length control field 000
010 ## - LIBRARY OF CONGRESS CONTROL NUMBER
LC control number 98049806
020 ## - INTERNATIONAL STANDARD BOOK NUMBER
International Standard Book Number 0534362982
035 ## - SYSTEM CONTROL NUMBER
System control number (DLC) 98049806
040 ## - CATALOGING SOURCE
Original cataloging agency UOEL
Transcribing agency DLC
Modifying agency DLC
050 00 - LIBRARY OF CONGRESS CALL NUMBER
Classification number QA303
Item number .S88 1999
082 00 - DEWEY DECIMAL CLASSIFICATION NUMBER
Classification number 515/.15
Edition number 21
100 1# - MAIN ENTRY--PERSONAL NAME
Personal name Stewart, James,
Dates associated with a name 1941-
245 10 - TITLE STATEMENT
Title Calculus :
Remainder of title early transcendentals /
Statement of responsibility, etc James Stewart.
250 ## - EDITION STATEMENT
Edition statement 4th ed.
260 ## - PUBLICATION, DISTRIBUTION, ETC. (IMPRINT)
Place of publication, distribution, etc Pacific Grove :
Name of publisher, distributor, etc Brooks/Cole,
Date of publication, distribution, etc c1999.
300 ## - PHYSICAL DESCRIPTION
Extent xxi, 1151, 132 p. :
Other physical details col. ill. ;
Dimensions 26 cm. +
Accompanying material 1 computer laser optical disc (4 3/4 in.)
500 ## - GENERAL NOTE
General note "A Gary W. Ostedt book"--T.p. verso.
504 ## - BIBLIOGRAPHY, ETC. NOTE
Bibliography, etc Includes bibliographical references and index.
650 #0 - SUBJECT ADDED ENTRY--TOPICAL TERM
Topical term or geographic name as entry element Calculus.
General subdivision Mathematics
906 ## - LOCAL DATA ELEMENT F, LDF (RLIN)
a 7
b cbc
c orignew
d 1
e ocip
f 19
g y-gencatlg
942 ## - ADDED ENTRY ELEMENTS (KOHA)
Source of classification or shelving scheme Library of Congress Classification
Item type Short Loan for 1 day
Holdings
Withdrawn status Lost status Source of classification or shelving scheme Damaged status Not for loan Home library Current library Shelving location Date acquired Total Checkouts Full call number Barcode Date last seen Date last borrowed Copy number Price effective from Koha item type
    Library of Congress Classification     UOE Main Library UOE Main Library Short Loan Area 27/10/2014 41 QA303 .S88 1999 20141858 27/04/2026 28/03/2019 20141858 27/10/2014 Short Loan for 1 day
    Library of Congress Classification     UOE Main Library UOE Main Library Short Loan Area 27/10/2014 24 QA303 .S88 1999 20141821 27/04/2026 16/12/2018 20141821 27/10/2014 Short Loan for 1 day
    Library of Congress Classification     UOE Main Library UOE Main Library Short Loan Area 27/10/2014 13 QA303 .S88 1999 20141748 27/04/2026 17/10/2018 20141748 27/10/2014 Short Loan for 1 day
    Library of Congress Classification     UOE Main Library UOE Main Library Short Loan Area 27/10/2014 12 QA303 .S88 1999 20141843 27/04/2026 21/02/2019 20141843 27/10/2014 Short Loan for 1 day
    Library of Congress Classification     UOE Main Library UOE Main Library Short Loan Area 24/01/2018 16 QA303 .S88 1999 20141864 27/04/2026 30/11/2021 20141864 24/01/2018 Short Loan for 1 day